000 00377nam a2200145Ia 4500
008 150201s2013 xx 000 0 und d
082 _a611
_bA13S
100 _aSHARDA, POONAM
245 _aANATOMY & PHYSIOLOGY NURSING FOR GNM 1STYEAR : SOLVED PAPER 2012-2005
250 _a1ST
260 _bJAYPEE
_aINDIA
_c2013
300 _a116
650 _aANATOMY
942 _2ddc
_cBK
_036
999 _c2212
_d2212